=LDR 00000nam 2200000 4500 =001 INLIS000000000043837 =005 20131008103846 =008 ***********************************eng** =035 ##$$0010-101300000001759 =041 ##$$a eng =082 ##$$a 513 =090 ##$$a 513, Jul a =100 ##$$a Julius, Edward H =245 ##$$a Arithmetricks, 50 easy ways to add, Subtract, multiply, and divide without a calculator, Edward H Julius; alih bahasa Bachtiar Bima Mustriana =260 ##$$a 2005 $b Jakarta =300 ##$$a xiii, 142 hlm, ilus, 22 cm =650 ##$$a Hitung, Ilmu =700 ##$$a Mustriana, Bachtiar Bima =850 ##$$a NBPNMAT